[Event "Gibraltar Challenger op-B"]
[Site "Caleta"]
[Date "2017.02.01"]
[Round "5"]
[White "Spanton, Timothy"]
[Black "Ramirez Dominguez, Agustin"]
[Result "0-1"]
[WhiteElo "1964"]
[BlackElo "1947"]
[PlyCount "78"]
[EventDate "2017.01.28"]
[EventType "swiss"]
[EventRounds "5"]
[EventCountry "GGB"]
[SourceTitle "EXT 2018"]
[Source "ChessBase"]
[SourceDate "2017.10.13"]
[SourceVersion "1"]
[SourceVersionDate "2017.10.13"]
[SourceQuality "1"]

1. e4 d5 2. exd5 Nf6 3. d4 Bg4 4. f3 Bf5 5. Bb5+ c6 6. dxc6 Nxc6 7. Ne2 e6 8. 0-0 Be7 9. Kh1 0-0 10. c3 a6 11. Ba4 Nd5 12. Ng3 Bg6 13. Na3 Bxa3 14. c4 Bxb2 15. Bxb2 Ne3 16. Qd2 Nxf1 17. Rxf1 Qa5 18. Qxa5 Nxa5 19. c5 Rfd8 20. Ne4 Bxe4 21. fxe4 Rac8 22. Rd1 Nc4 23. Bc1 h6 24. Bb3 Na5 25. Ba4 Nc4 26. Kg1 b5 27. Bb3 Rd7 28. Bf4 e5 29. Bxc4 bxc4 30. Bxe5 Rxc5 31. d5 c3 32. Kf2 c2 33. Rc1 f5 34. Ke3 fxe4 35. Kxe4 Rcxd5 36. Rxc2 Rd2 37. Rc6 Rxa2 38. g4 Kf7 39. h4 Re7 0-1

[Event "Gibraltar Challenger op-B"]
[Site "Caleta"]
[Date "2017.01.30"]
[Round "3"]
[White "Wilen, Eero"]
[Black "Ramirez Dominguez, Agustin"]
[Result "1-0"]
[WhiteElo "2035"]
[BlackElo "1947"]
[PlyCount "49"]
[EventDate "2017.01.28"]
[EventType "swiss"]
[EventRounds "5"]
[EventCountry "GGB"]
[SourceTitle "EXT 2018"]
[Source "ChessBase"]
[SourceDate "2017.10.13"]
[SourceVersion "1"]
[SourceVersionDate "2017.10.13"]
[SourceQuality "1"]

1. Nf3 f5 2. c4 Nf6 3. Nc3 d6 4. d3 g6 5. g3 Bg7 6. Bg2 e5 7. 0-0 0-0 8. Rb1 Qe8 9. Qc2 c6 10. b4 e4 11. Ng5 h6 12. Nh3 g5 13. Kh1 Qh5 14. Ng1 exd3 15. Qxd3 Be6 16. Bb2 Nbd7 17. Qxd6 Bxc4 18. b5 Ng4 19. h3 Ndf6 20. bxc6 bxc6 21. Qc5 Bf7 22. Bf3 Nd7 23. Qxf5 Bd5 24. Qxg4 Bxf3+ 25. Nxf3 1-0

[Event "Gibraltar Challengers-B 12th"]
[Site "Caleta"]
[Date "2014.02.05"]
[Round "5"]
[White "Georgieva, Emilia"]
[Black "Ramirez Dominguez, Agustin"]
[Result "1/2-1/2"]
[WhiteElo "1933"]
[BlackElo "2060"]
[PlyCount "100"]
[EventDate "2014.02.01"]
[EventType "swiss"]
[EventRounds "5"]
[EventCountry "GGB"]
[SourceTitle "CBM 158 Extra"]
[Source "ChessBase"]
[SourceDate "2014.02.28"]
[SourceVersion "1"]
[SourceVersionDate "2014.02.28"]
[SourceQuality "1"]

1. d4 Nf6 2. Nf3 g6 3. c3 d6 4. Bg5 Bg7 5. e3 Nbd7 6. Nbd2 b6 7. Qc2 Bb7 8. h4 c6 9. Bxf6 Nxf6 10. e4 Qc7 11. Qb3 e5 12. Be2 0-0 13. dxe5 dxe5 14. Ng5 h6 15. h5 hxg5 16. hxg6 a5 17. gxf7+ Rxf7 18. Bc4 b5 19. Bxf7+ Qxf7 20. f3 Bc8 21. Qxf7+ Kxf7 22. g4 Be6 23. a3 Bf8 24. Nf1 c5 25. Ng3 b4 26. axb4 cxb4 27. Ne2 Bb3 28. cxb4 Bxb4+ 29. Nc3 Rd8 30. 0-0 Rd2 31. Na4 Bxa4 32. Rxa4 Rxb2 33. Rfa1 Nd7 34. Rxa5 Bxa5 35. Rxa5 Rb6 36. Kg2 Ke6 37. Ra8 Rb8 38. Ra6+ Rb6 39. Ra8 Nb8 40. Ra2 Nd7 41. Ra7 Ke7 42. Ra8 Rd6 43. Ra5 Ke6 44. Ra8 Nf6 45. Ra7 Rd2+ 46. Kg3 Rd3 47. Kf2 Rd2+ 48. Ke3 Rd1 49. Kf2 Rh1 50. Kg2 Re1 1/2-1/2

[Event "Gibraltar Challengers-B 11th"]
[Site "Caleta"]
[Date "2013.01.27"]
[Round "2"]
[White "Gonzalvez Perales, Jose Luis"]
[Black "Ramirez Dominguez, Agustin"]
[Result "1-0"]
[WhiteElo "1984"]
[BlackElo "2071"]
[PlyCount "45"]
[EventDate "2013.01.26"]
[EventType "swiss"]
[EventRounds "5"]
[EventCountry "GGB"]
[SourceTitle "EXT 2014"]
[Source "ChessBase"]
[SourceDate "2013.11.20"]
[SourceVersion "1"]
[SourceVersionDate "2013.11.20"]
[SourceQuality "1"]

1. e4 e5 2. Nf3 Nc6 3. Bb5 a6 4. Ba4 Nf6 5. 0-0 b5 6. Bb3 Be7 7. Re1 0-0 8. h3 d5 9. exd5 Nxd5 10. Nxe5 Nxe5 11. Rxe5 c6 12. d4 Bd6 13. Re1 Qh4 14. Nc3 Bxh3 15. Re4 Nxc3 16. Rxh4 Nxd1 17. Rxh3 Rae8 18. Kf1 Re4 19. Rd3 Rfe8 20. Rxd1 c5 21. dxc5 Be5 22. Be3 Rh4 23. g3 1-0

[Event "Gibraltar Challengers-B 11th"]
[Site "Caleta"]
[Date "2013.01.26"]
[Round "1"]
[White "Ramirez Dominguez, Agustin"]
[Black "Hutton, Jack"]
[Result "0-1"]
[WhiteElo "2071"]
[BlackElo "2017"]
[PlyCount "44"]
[EventDate "2013.01.26"]
[EventType "swiss"]
[EventRounds "5"]
[EventCountry "GGB"]
[SourceTitle "EXT 2014"]
[Source "ChessBase"]
[SourceDate "2013.11.20"]
[SourceVersion "1"]
[SourceVersionDate "2013.11.20"]
[SourceQuality "1"]

1. e4 e6 2. f4 d5 3. exd5 exd5 4. Nf3 Nf6 5. d4 Bd6 6. Bd3 0-0 7. 0-0 c5 8. c3 Nc6 9. Ne5 cxd4 10. Nxc6 bxc6 11. cxd4 Qb6 12. Kh1 Bg4 13. Qa4 Rfe8 14. Nc3 Ne4 15. Bxe4 dxe4 16. f5 e3 17. h3 e2 18. Re1 Bg3 19. Bf4 Bxf4 20. hxg4 Qd8 21. Nxe2 Qh4+ 22. Kg1 Be3+ 0-1